[Event "Budapest One Week GM-B 03"]
[Site "Budapest"]
[Date "2025.03.21"]
[Round "8"]
[White "Nemeth, Zalan"]
[Black "Yeganegi, Barad"]
[Result "0-1"]
[WhiteElo "2341"]
[BlackElo "2347"]
[PlyCount "82"]
[EventDate "2025.03.17"]
[EventType "tourn"]
[EventRounds "9"]
[EventCountry "HUN"]
[EventCategory "6"]
[SourceTitle "CB13_2025"]
[SourceDate "2025.03.26"]
[SourceVersion "1"]
[SourceVersionDate "2025.03.26"]
[SourceQuality "1"]

1. Nf3 d5 2. g3 g6 3. c4 dxc4 4. Na3 Bg7 5. Nxc4 Nc6 6. Bg2 e5 7. d3 Be6 8. 0-0 h6 9. Qa4 Qd7 10. Na5 Nd8 11. Qc2 Ne7 12. Bd2 0-0 13. Rac1 Rc8 14. Bc3 b6 15. Nc4 f6 16. b4 Nd5 17. Bd2 c5 18. bxc5 bxc5 19. Rb1 Nc6 20. a3 Nd4 21. Nxd4 cxd4 22. Qb2 f5 23. Qb5 Qxb5 24. Rxb5 e4 25. Nd6 Rc2 26. dxe4 Nc3 27. Bxc3 dxc3 28. e5 Rxe2 29. f4 c2 30. Rc1 Rd2 31. Bf1 Rd8 32. Rb7 R8xd6 33. Rxg7+ Kxg7 34. exd6 Bb3 35. d7 Rxd7 36. Be2 Rd2 37. Kf1 Bc4 38. Bxc4 Rd1+ 39. Ke2 Rxc1 40. Kd2 Rh1 41. Kxc2 Rxh2+ 0-1

[Event "Budapest One Week GM-B 03"]
[Site "Budapest"]
[Date "2025.03.20"]
[Round "6"]
[White "Moldagali, Beksultan"]
[Black "Yeganegi, Barad"]
[Result "1/2-1/2"]
[WhiteElo "2398"]
[BlackElo "2347"]
[PlyCount "97"]
[EventDate "2025.03.17"]
[EventType "tourn"]
[EventRounds "9"]
[EventCountry "HUN"]
[EventCategory "6"]
[SourceTitle "CB13_2025"]
[SourceDate "2025.03.26"]
[SourceVersion "1"]
[SourceVersionDate "2025.03.26"]
[SourceQuality "1"]

1. e4 c5 2. Nf3 d6 3. Bc4 Nf6 4. e5 dxe5 5. Nxe5 e6 6. Qe2 Bd6 7. Nc3 a6 8. a4 Qc7 9. Nf3 Nc6 10. d3 Nd4 11. Nxd4 cxd4 12. Ne4 Nxe4 13. Qxe4 Bb4+ 14. Ke2 0-0 15. Bf4 Bd6 16. Bxd6 Qxd6 17. Rhe1 Bd7 18. Kf1 Bc6 19. Qe5 Qb4 20. Qxd4 b5 21. c3 Qe7 22. axb5 axb5 23. Rxa8 Bxa8 24. Bb3 Rd8 25. Qe3 b4 26. Bc4 bxc3 27. bxc3 Rc8 28. Qe5 h6 29. Rb1 Kh7 30. Rb8 Rxb8 31. Qxb8 Qa3 32. Qf4 Qxc3 33. f3 Qa1+ 34. Kf2 Qa7+ 35. d4 Qe7 36. h4 h5 37. Kg3 g6 38. Qe5 Qd8 39. Bd3 Kg8 40. Be4 Qc8 41. Qf6 Bxe4 42. fxe4 Qc2 43. Qe5 Qd1 44. Kh2 Qg4 45. g3 Qe2+ 46. Kh3 Qe3 47. Qb8+ Kg7 48. Qe5+ Kg8 49. Qb8+ 1/2-1/2

[Event "Budapest One Week GM-B 03"]
[Site "Budapest"]
[Date "2025.03.19"]
[Round "5"]
[White "Yeganegi, Barad"]
[Black "Tanenbaum, Zachary Chen"]
[Result "1/2-1/2"]
[WhiteElo "2347"]
[BlackElo "2306"]
[PlyCount "79"]
[EventDate "2025.03.17"]
[EventType "tourn"]
[EventRounds "9"]
[EventCountry "HUN"]
[EventCategory "6"]
[SourceTitle "CB13_2025"]
[SourceDate "2025.03.26"]
[SourceVersion "1"]
[SourceVersionDate "2025.03.26"]
[SourceQuality "1"]

1. d4 d5 2. c4 e6 3. Nf3 a6 4. Bg5 Be7 5. Bf4 dxc4 6. Qc2 b5 7. b3 cxb3 8. axb3 Bd6 9. Bd2 Bb7 10. e4 Nc6 11. Bc3 Nge7 12. Nbd2 0-0 13. Be2 Ng6 14. g3 e5 15. dxe5 Ngxe5 16. 0-0 Qe7 17. Nh4 Bb4 18. Rac1 Rfd8 19. Rfd1 Bxc3 20. Qxc3 Nd4 21. Bf1 c5 22. f4 Ng4 23. Re1 c4 24. b4 Qd6 25. h3 Qb6 26. Kh1 Nf2+ 27. Kh2 Ne6 28. Re2 Rd3 29. Qb2 Rad8 30. Bg2 R3d7 31. Nxc4 bxc4 32. Rxf2 Rd4 33. Nf5 c3 34. Qxc3 Rxb4 35. Re2 Nd4 36. Rd1 g6 37. Nh6+ Kg7 38. Ng4 h5 39. Ne3 Kg8 40. Rf2 1/2-1/2

[Event "Moscow Aeroflot op-A"]
[Site "Moscow"]
[Date "2025.03.03"]
[Round "4"]
[White "Klukin, Kirill"]
[Black "Yeganegi, Barad"]
[Result "1/2-1/2"]
[WhiteElo "2430"]
[BlackElo "2347"]
[PlyCount "35"]
[EventDate "2025.03.01"]
[EventType "swiss"]
[EventRounds "9"]
[EventCountry "RUS"]
[SourceTitle "CB11_2025"]
[SourceDate "2025.03.12"]
[SourceVersion "1"]
[SourceVersionDate "2025.03.12"]
[SourceQuality "1"]

1. d4 Nf6 2. c4 e6 3. Nc3 Bb4 4. e3 c5 5. Bd3 cxd4 6. exd4 d5 7. cxd5 Nxd5 8. Nge2 0-0 9. 0-0 Re8 10. Nxd5 exd5 11. Nf4 Nc6 12. Be3 Bd6 13. Qf3 Qh4 14. g3 Qg4 15. Qxg4 Bxg4 16. Nxd5 Rad8 17. Nc3 Be5 18. Be2 1/2-1/2

[Event "Moscow Aeroflot op-A"]
[Site "Moscow"]
[Date "2025.03.03"]
[Round "5"]
[White "Yeganegi, Barad"]
[Black "Gorovets, Andrey"]
[Result "1-0"]
[WhiteElo "2347"]
[BlackElo "2465"]
[PlyCount "119"]
[EventDate "2025.03.01"]
[EventType "swiss"]
[EventRounds "9"]
[EventCountry "RUS"]
[SourceTitle "CB11_2025"]
[SourceDate "2025.03.12"]
[SourceVersion "1"]
[SourceVersionDate "2025.03.12"]
[SourceQuality "1"]

1. d4 d6 2. c4 e5 3. e3 Nd7 4. Nc3 g6 5. Bd3 Bg7 6. Nge2 Ne7 7. 0-0 0-0 8. b3 f5 9. Bc2 e4 10. f3 exf3 11. Rxf3 Nf6 12. d5 Ng4 13. h3 Ne5 14. Rf1 Kh8 15. Bb2 Ng8 16. Qd2 a6 17. e4 Bh6 18. Nf4 Qe7 19. exf5 Bxf5 20. Nce2 g5 21. Bxf5 gxf4 22. Qc2 Qf7 23. Nd4 Ne7 24. Be4 Rg8 25. Qf2 Qh5 26. Kh1 N7g6 27. Ne6 Rae8 28. Rae1 Re7 29. Bxg6 hxg6 30. Nxf4 Bxf4 31. Qxf4 Kh7 32. Qg3 Rge8 33. Re4 g5 34. Rf5 Nf7 35. Qc3 Qg6 36. Rxe7 Rxe7 37. Qf3 Nh6 38. Rf6 Qb1+ 39. Kh2 Qxb2 40. Qd3+ Kg8 41. Rg6+ Kf8 42. Rxh6 Qe5+ 43. Qg3 Qg7 44. Rh5 Re5 45. h4 gxh4 46. Qxg7+ Kxg7 47. Rxe5 dxe5 48. Kh3 Kf6 49. Kxh4 Kf5 50. Kg3 Ke4 51. Kf2 b5 52. cxb5 axb5 53. a4 Kxd5 54. a5 c5 55. g4 b4 56. a6 Kc6 57. g5 c4 58. g6 cxb3 59. a7 Kb7 60. g7 1-0

[Event "Moscow Aeroflot op-A"]
[Site "Moscow"]
[Date "2025.03.02"]
[Round "3"]
[White "Yeganegi, Barad"]
[Black "Triapishko, Alexandr"]
[Result "0-1"]
[WhiteElo "2347"]
[BlackElo "2474"]
[PlyCount "138"]
[EventDate "2025.03.01"]
[EventType "swiss"]
[EventRounds "9"]
[EventCountry "RUS"]
[SourceTitle "CB11_2025"]
[SourceDate "2025.03.12"]
[SourceVersion "1"]
[SourceVersionDate "2025.03.12"]
[SourceQuality "1"]

1. d4 Nf6 2. c4 e6 3. g3 d5 4. Nf3 Bb4+ 5. Bd2 a5 6. Bg2 0-0 7. Qc2 c5 8. Bxb4 axb4 9. 0-0 Nc6 10. Rd1 cxd4 11. Nxd4 Nxd4 12. Rxd4 Qb6 13. c5 Qb5 14. Qd2 b3 15. Rb4 Qxb4 16. Qxb4 Rxa2 17. Qa5 Rxa5 18. Rxa5 b6 19. cxb6 Nd7 20. Nd2 Nxb6 21. Nxb3 Nc4 22. Ra2 Bd7 23. e4 dxe4 24. Bxe4 Rb8 25. Nc5 Be8 26. b3 Nd6 27. Bf3 Kf8 28. Rd2 Ke7 29. Ra2 Nb5 30. Rd2 e5 31. Ra2 f5 32. b4 e4 33. Nxe4 fxe4 34. Bxe4 h6 35. Bd3 Nd4 36. Ra7+ Kf8 37. h4 Rxb4 38. Ra8 Ke7 39. Ra7+ Bd7 40. Kg2 Kd6 41. Be4 Nc6 42. Bxc6 Bxc6+ 43. Kh3 Bd7+ 44. Kg2 h5 45. f3 Bc6 46. Ra3 Bd5 47. Ra6+ Ke5 48. Rg6 Rb2+ 49. Kf1 Bxf3 50. Rxg7 Ke4 51. Re7+ Kd3 52. Ra7 Be2+ 53. Kf2 Bg4+ 54. Kf1 Rd2 55. Re7 Re2 56. Ra7 Bh3+ 57. Kg1 Rg2+ 58. Kh1 Rd2 59. Ra3+ Ke4 60. Kg1 Rd3 61. Ra4+ Kf3 62. Kh2 Bg4 63. Rf4+ Ke3 64. Rf1 Rd2+ 65. Kg1 Rd1 66. Rxd1 Bxd1 67. Kg2 Bg4 68. Kg1 Kf3 69. Kh2 Kf2 0-1

[Event "Titled Tuesday intern op 04th Feb Late"]
[Site "Chess.com INT"]
[Date "2025.02.04"]
[Round "2"]
[White "Yeganegi, Barad"]
[Black "Jaskolka, Tomasz"]
[Result "0-1"]
[WhiteElo "2347"]
[BlackElo "2198"]
[PlyCount "82"]
[EventDate "2025.02.04"]
[EventType "swiss (blitz)"]
[EventRounds "11"]
[EventCountry "USA"]
[SourceTitle "CB07_2025"]
[SourceDate "2025.02.12"]
[SourceVersion "1"]
[SourceVersionDate "2025.02.12"]
[SourceQuality "1"]

1. d4 g6 2. c4 Bg7 3. Nc3 c5 4. d5 Bxc3+ 5. bxc3 e5 6. e4 d6 7. f4 Qh4+ 8. g3 Qe7 9. Bg2 Nf6 10. fxe5 Qxe5 11. Qd3 Nbd7 12. Bf4 Qe7 13. Nf3 Ng4 14. 0-0 Nge5 15. Nxe5 Nxe5 16. Qe2 Bg4 17. Qc2 0-0 18. Rab1 b6 19. Qb3 Be2 20. Bxe5 Bxf1 21. Bxd6 Qxd6 22. Rxf1 Rfe8 23. Qc2 f6 24. Rf4 Kg7 25. Qf2 a6 26. Bh3 b5 27. Be6 Qe5 28. Qxc5 Rxe6 29. cxb5 axb5 30. Qxb5 Re7 31. Qb3 Rc8 32. c4 Qd4+ 33. Kg2 Qxc4 34. Qf3 Qd4 35. Qe2 Rec7 36. Kh3 Qe5 37. Qb5 g5 38. Rf1 Qxe4 39. Qb6 g4+ 40. Kh4 Qg6 41. Rf5 Qxf5 0-1

[Event "Titled Tuesday intern op 14th Jan Early"]
[Site "Chess.com INT"]
[Date "2025.01.14"]
[Round "3"]
[White "Iniyan, Panneerseluam"]
[Black "Yeganegi, Barad"]
[Result "1-0"]
[WhiteElo "2508"]
[BlackElo "2347"]
[PlyCount "39"]
[EventDate "2025.01.14"]
[EventType "swiss (blitz)"]
[EventRounds "11"]
[EventCountry "USA"]
[SourceTitle "CB04_2025"]
[SourceDate "2025.01.22"]
[SourceVersion "1"]
[SourceVersionDate "2025.01.22"]
[SourceQuality "1"]

1. d4 d5 2. Nc3 Nf6 3. Bf4 c5 4. e3 g6 5. Nb5 Na6 6. h4 h6 7. Nf3 Bg7 8. Ne5 Nd7 9. c3 0-0 10. a4 Nxe5 11. Bxe5 f6 12. Bg3 e5 13. Bd3 e4 14. Be2 Be6 15. Bd6 cxd4 16. Bxf8 Qxf8 17. Nxd4 Bd7 18. Qb3 Bc8 19. Bxa6 bxa6 20. Qxd5+ 1-0

[Event "Titled Tuesday intern op 26th Nov Late"]
[Site "Chess.com INT"]
[Date "2024.11.26"]
[Round "2"]
[White "Sandoval Mercado, Carlos"]
[Black "Yeganegi, Barad"]
[Result "0-1"]
[WhiteElo "2364"]
[BlackElo "2347"]
[PlyCount "70"]
[EventDate "2024.11.26"]
[EventType "swiss (blitz)"]
[EventRounds "11"]
[EventCountry "USA"]
[SourceTitle "CB49_2024"]
[SourceDate "2024.12.04"]
[SourceVersion "1"]
[SourceVersionDate "2024.12.04"]
[SourceQuality "1"]

1. d4 d5 2. Nf3 c6 3. e3 Nf6 4. Be2 g6 5. 0-0 Bg7 6. b3 0-0 7. Bb2 Nbd7 8. c4 Re8 9. Nc3 a6 10. a4 e6 11. b4 Ne4 12. Nxe4 dxe4 13. Nd2 f5 14. c5 e5 15. Qb3+ Kh8 16. Nc4 exd4 17. Nd6 Rf8 18. exd4 Qe7 19. Rae1 Nf6 20. Bc4 h6 21. f3 b5 22. Bf7 Kh7 23. fxe4 Nxe4 24. Nxe4 fxe4 25. h4 h5 26. Re3 Bf5 27. Bxg6+ Bxg6 28. d5 Rxf1+ 29. Kxf1 Qf7+ 30. Kg1 Qxd5 31. Qxd5 cxd5 32. Bxg7 Kxg7 33. Ra3 d4 34. axb5 e3 35. bxa6 d3 0-1

[Event "Titled Tuesday intern op 26th Nov Late"]
[Site "Chess.com INT"]
[Date "2024.11.26"]
[Round "5"]
[White "Yeganegi, Barad"]
[Black "Ionescu, Mihai"]
[Result "1-0"]
[WhiteElo "2347"]
[BlackElo "2226"]
[PlyCount "155"]
[EventDate "2024.11.26"]
[EventType "swiss (blitz)"]
[EventRounds "11"]
[EventCountry "USA"]
[SourceTitle "CB49_2024"]
[SourceDate "2024.12.04"]
[SourceVersion "1"]
[SourceVersionDate "2024.12.04"]
[SourceQuality "1"]

1. d4 Nf6 2. c4 Nc6 3. Nf3 e6 4. Nc3 Bb4 5. Bd2 d6 6. d5 Bxc3 7. Bxc3 exd5 8. cxd5 Nb8 9. e3 0-0 10. Bd3 Bg4 11. h3 Bh5 12. Bc2 Bg6 13. Qd2 Bxc2 14. Bxf6 Qxf6 15. Qxc2 c6 16. dxc6 Nxc6 17. 0-0 Rac8 18. Rad1 Nd4 19. Qe4 Nxf3+ 20. Qxf3 Qxb2 21. Rxd6 Qxa2 22. Qxb7 a5 23. Ra6 a4 24. Qb5 Rc4 25. Rd1 Qb3 26. Qxb3 axb3 27. Rb6 Rc3 28. Rb1 g6 29. R6xb3 Rxb3 30. Rxb3 Rd8 31. g3 Rd2 32. Kg2 Kg7 33. Rb5 Kf6 34. g4 Ra2 35. Kg3 Re2 36. Rb3 Ra2 37. h4 Rc2 38. f4 Ra2 39. Rb6+ Kg7 40. Rb3 Re2 41. Kf3 Rh2 42. Kg3 Re2 43. Rd3 Ra2 44. Rd5 Re2 45. Re5 Re1 46. Re4 Re2 47. f5 gxf5 48. gxf5 Kf6 49. Kf3 Rh2 50. Rf4 Ra2 51. Kg3 Ra3 52. Rf3 Ra4 53. Rf4 Ra3 54. Kf3 Ra1 55. Kg4 Re1 56. Rf3 h6 57. Kh5 Rh1 58. Rf4 Rh3 59. e4 Ke5 60. Rg4 Re3 61. Kxh6 Rxe4 62. Rxe4+ Kxe4 63. f6 Kf5 64. Kg7 Ke6 65. h5 Kf5 66. h6 Kg5 67. h7 Kf5 68. h8Q Ke5 69. Kxf7 Kf5 70. Ke7 Kg5 71. f7 Kf5 72. f8Q+ Ke4 73. Qh4+ Kd5 74. Qf5+ Kc6 75. Qc4+ Kb6 76. Qfe6+ Kb7 77. Qca6+ Kb8 78. Qec8# 1-0

[Event "Titled Tuesday intern op 26th Nov Late"]
[Site "Chess.com INT"]
[Date "2024.11.26"]
[Round "8"]
[White "Yeganegi, Barad"]
[Black "Naroditsky, Daniel"]
[Result "0-1"]
[WhiteElo "2347"]
[BlackElo "2619"]
[PlyCount "72"]
[EventDate "2024.11.26"]
[EventType "swiss (blitz)"]
[EventRounds "11"]
[EventCountry "USA"]
[SourceTitle "CB49_2024"]
[SourceDate "2024.12.04"]
[SourceVersion "1"]
[SourceVersionDate "2024.12.04"]
[SourceQuality "1"]

1. d4 d5 2. c4 Nc6 3. cxd5 Qxd5 4. e3 e5 5. Nc3 Bb4 6. Bd2 Bxc3 7. bxc3 Nf6 8. Qb3 Qd6 9. Bb5 0-0 10. Nf3 e4 11. Bxc6 bxc6 12. Ne5 Ba6 13. c4 c5 14. Bc3 cxd4 15. Bxd4 c5 16. Bc3 Rab8 17. Qa4 Rb6 18. 0-0 Qe6 19. Rfd1 h6 20. Rac1 Rc8 21. Nd7 Nxd7 22. Qxd7 Bxc4 23. Qxa7 Ra6 24. Qb7 Rb6 25. Qd7 Bxa2 26. Qa7 Ra6 27. Qb7 Rb6 28. Qa7 Kh7 29. Ba1 Bb3 30. Qa3 Bxd1 31. Rxd1 Qb3 32. Qc1 f6 33. Rd7 Qb1 34. Rd1 Qxc1 35. Rxc1 Rcb8 36. Kf1 Rb1 0-1

[Event "Titled Tuesday intern op 10th Sep Early"]
[Site "Chess,com INT"]
[Date "2024.09.10"]
[Round "5"]
[White "Martic, Ivan"]
[Black "Yeganegi, Barad"]
[Result "0-1"]
[WhiteElo "2233"]
[BlackElo "2347"]
[PlyCount "52"]
[EventDate "2024.09.10"]
[EventType "swiss (blitz)"]
[EventRounds "11"]
[EventCountry "USA"]
[SourceTitle "EXT 2025"]
[Source "ChessBase"]
[SourceDate "2024.10.14"]
[SourceVersion "1"]
[SourceVersionDate "2024.10.14"]
[SourceQuality "1"]

1. e4 c5 2. c3 Nf6 3. e5 Nd5 4. Nf3 Nc6 5. Bc4 Nb6 6. Bb3 d5 7. exd6 e6 8. d4 cxd4 9. cxd4 Bxd6 10. Nc3 0-0 11. 0-0 a6 12. Re1 Bd7 13. Bg5 Be7 14. h4 h6 15. Be3 Nb4 16. h5 N4d5 17. Ne5 Bf6 18. Ne4 Bxe5 19. dxe5 Nxe3 20. Rxe3 Bc6 21. Nf6+ gxf6 22. Qg4+ Kh7 23. Bc2+ f5 24. Bxf5+ exf5 25. Qxf5+ Kh8 26. Rd3 Qg5 0-1

[Event "Titled Tuesday intern op 10th Sep Early"]
[Site "Chess,com INT"]
[Date "2024.09.10"]
[Round "3"]
[White "Sarana, Alexey"]
[Black "Yeganegi, Barad"]
[Result "0-1"]
[WhiteElo "2713"]
[BlackElo "2347"]
[PlyCount "86"]
[EventDate "2024.09.10"]
[EventType "swiss (blitz)"]
[EventRounds "11"]
[EventCountry "USA"]
[SourceTitle "EXT 2025"]
[Source "ChessBase"]
[SourceDate "2024.10.14"]
[SourceVersion "1"]
[SourceVersionDate "2024.10.14"]
[SourceQuality "1"]

1. d4 d5 2. c4 e6 3. Nc3 Bb4 4. a3 Bxc3+ 5. bxc3 Nf6 6. e3 c6 7. Bd3 0-0 8. f3 b6 9. cxd5 cxd5 10. Ne2 Ba6 11. 0-0 Bxd3 12. Qxd3 Nc6 13. e4 Rc8 14. Bg5 h6 15. Bh4 g5 16. Bg3 Nh5 17. f4 dxe4 18. Qxe4 Qd5 19. Qe3 Ne7 20. fxg5 hxg5 21. Rae1 f6 22. Qd3 Qc4 23. Qb1 Kg7 24. Bd6 Rf7 25. Bxe7 Rxe7 26. Qe4 Qd5 27. Ng3 Qxe4 28. Nxh5+ Kg6 29. Rxe4 f5 30. Re5 Kxh5 31. Rf3 g4 32. Rd3 Kg6 33. d5 Kf6 34. dxe6 Kxe5 35. Re3+ Kf6 36. Rd3 Rxe6 37. Kf2 Rce8 38. Rd2 Re3 39. Rd6+ R8e6 40. Rd7 Rxc3 41. h4 f4 42. h5 g3+ 43. Kf1 Rc1+ 0-1

[Event "Titled Tuesday intern op 27th Aug Late"]
[Site "Chess.com INT"]
[Date "2024.08.27"]
[Round "2"]
[White "Spichkin, Alexander"]
[Black "Yeganegi, Barad"]
[Result "1-0"]
[WhiteElo "2035"]
[BlackElo "2355"]
[PlyCount "135"]
[EventDate "2024.08.27"]
[EventType "swiss (blitz)"]
[EventRounds "11"]
[EventCountry "USA"]
[SourceTitle "EXT 2025"]
[Source "ChessBase"]
[SourceDate "2024.10.14"]
[SourceVersion "1"]
[SourceVersionDate "2024.10.14"]
[SourceQuality "1"]

1. f4 d5 2. Nf3 e6 3. e3 Nf6 4. b3 c5 5. Bb2 Nc6 6. Bb5 Bd7 7. 0-0 Bd6 8. Bxc6 Bxc6 9. Ne5 0-0 10. Rf3 Ne4 11. Rh3 f6 12. Nxc6 bxc6 13. d3 Ng5 14. fxg5 fxg5 15. Qh5 h6 16. Qg6 Rf7 17. Rxh6 d4 18. Qh7+ Kf8 19. Rxe6 Rf6 20. Qh8+ Kf7 21. Qxd8 Rxd8 22. Rxf6+ gxf6 23. exd4 cxd4 24. Bxd4 c5 25. Bc3 Re8 26. Kf1 Bxh2 27. Nd2 f5 28. Nf3 Bf4 29. Bd2 Bxd2 30. Nxd2 g4 31. Re1 Rh8 32. Kg1 f4 33. Re4 f3 34. Rxg4 fxg2 35. Kxg2 Ke6 36. Ra4 Rh7 37. Ne4 Rg7+ 38. Kf3 Kd5 39. Ra5 Rc7 40. b4 Kd4 41. Rxc5 Rb7 42. b5 Re7 43. Rc4+ Kd5 44. a4 Rf7+ 45. Ke3 Re7 46. Rc5+ Ke6 47. a5 Rh7 48. Rc6+ Kd5 49. Rd6+ Ke5 50. Ra6 Rh3+ 51. Kd2 Rh7 52. b6 axb6 53. Rxb6 Kd4 54. Rb4+ Kd5 55. a6 Ra7 56. Rb6 Rh7 57. Rb7 Rh6 58. a7 Ra6 59. c4+ Kd4 60. Rd7+ Ke5 61. Rd5+ Kf4 62. Rd7 Ke5 63. Nc5 Ra2+ 64. Kc3 Ra5 65. d4+ Kf6 66. Kb4 Ra1 67. Na4 Rb1+ 68. Kc5 1-0

[Event "Abu Dhabi op-A 30th"]
[Site "Abu Dhabi"]
[Date "2024.08.17"]
[Round "3"]
[White "Sahib, Singh"]
[Black "Yeganegi, Barad"]
[Result "1/2-1/2"]
[WhiteElo "2445"]
[BlackElo "2355"]
[PlyCount "110"]
[EventDate "2024.08.15"]
[EventType "swiss"]
[EventRounds "9"]
[EventCountry "UAE"]
[SourceTitle "EXT 2025"]
[Source "ChessBase"]
[SourceDate "2024.10.14"]
[SourceVersion "1"]
[SourceVersionDate "2024.10.14"]
[SourceQuality "1"]

1. e4 c5 2. Nc3 Nc6 3. Bb5 Nd4 4. Nf3 e6 5. 0-0 a6 6. Bd3 d6 7. Nxd4 cxd4 8. Ne2 e5 9. c3 dxc3 10. dxc3 Be7 11. b3 Nf6 12. c4 Bg4 13. f3 Be6 14. a4 0-0 15. Nc3 Nh5 16. g3 g6 17. Bh6 Ng7 18. Qd2 f5 19. Kh1 Rf7 20. Nd5 Bxd5 21. cxd5 Qd7 22. Rac1 fxe4 23. fxe4 Rxf1+ 24. Bxf1 Rc8 25. Rc2 Ne8 26. Qc1 Rxc2 27. Qxc2 Nf6 28. h3 Bd8 29. Kg2 Qc7 30. Qxc7 Bxc7 31. Kf3 Nd7 32. b4 Bb6 33. h4 Kf7 34. a5 Bd4 35. Bd2 Ke8 36. g4 Ke7 37. Bh3 Kf6 38. Bg5+ Kf7 39. Bd2 Kf6 40. Be1 Ke7 41. g5 Kd8 42. Be6 Nf8 43. Bg8 Ke7 44. Bd2 Ke8 45. Kg3 Kd7 46. h5 Ke7 47. Kg4 Bf2 48. Kf3 Bd4 49. Kg4 Bf2 50. Kf3 Bh4 51. Kg4 Bf2 52. Kf3 Bd4 53. Bxh7 Nxh7 54. hxg6 Nf6 55. gxf6+ Kxf6 1/2-1/2

[Event "Titled Tuesday intern op 06th Aug Late"]
[Site "Chess.com INT"]
[Date "2024.08.06"]
[Round "2"]
[White "Goltsev, Dmitry"]
[Black "Yeganegi, Barad"]
[Result "1/2-1/2"]
[WhiteElo "2215"]
[BlackElo "2355"]
[PlyCount "211"]
[EventDate "2024.08.06"]
[EventType "swiss (blitz)"]
[EventRounds "11"]
[EventCountry "USA"]
[SourceTitle "EXT 2025"]
[Source "ChessBase"]
[SourceDate "2024.10.14"]
[SourceVersion "1"]
[SourceVersionDate "2024.10.14"]
[SourceQuality "1"]

1. e4 e5 2. Nf3 Nc6 3. Bb5 a6 4. Ba4 d6 5. c3 f5 6. Qe2 fxe4 7. Qxe4 Nf6 8. Qe2 Be7 9. d4 e4 10. Ng5 d5 11. 0-0 h6 12. Nh3 Bxh3 13. gxh3 0-0 14. Bf4 Qd7 15. Kg2 Rae8 16. Nd2 Bd6 17. Bg3 Qf5 18. Rfe1 Nh5 19. Nf1 Rf6 20. Qg4 Nxg3 21. Nxg3 Qxf2+ 22. Kh1 Bxg3 23. Qxg3 Qxb2 24. Rab1 Qa3 25. Bb3 Qa5 26. Re3 Kh7 27. Rg1 Re7 28. Qh4 Ref7 29. Reg3 Rf1 30. Qh5 Rxg1+ 31. Rxg1 Rf6 32. Bxd5 Qa3 33. Bxe4+ Kh8 34. d5 Qe7 35. Bb1 Nd8 36. Qg4 c6 37. c4 cxd5 38. cxd5 Kg8 39. Qc4 Qf7 40. Qd3 Rd6 41. Qh7+ Kf8 42. Qh8+ Qg8 43. Rf1+ Nf7 44. Qxg8+ Kxg8 45. Bf5 Ng5 46. h4 Nh7 47. Be6+ Kh8 48. Rf7 Nf6 49. Rxb7 Nxd5 50. Bf5 g6 51. Rb8+ Kg7 52. Bd3 Nf4 53. Rb7+ Kf6 54. Bc2 Rc6 55. Rb2 g5 56. hxg5+ hxg5 57. Kg1 Ne2+ 58. Kf2 Nd4 59. Be4 Rc5 60. Rb6+ Ke5 61. Bd3 a5 62. Rg6 Ne6 63. Ke3 Rc3 64. Rg8 Kf6 65. Kd2 Ra3 66. Bc4 Nf4 67. Rf8+ Ke5 68. Rd8 Rh3 69. Kc2 Rxh2+ 70. Kb3 Rh3+ 71. Ka4 Rc3 72. Bb3 g4 73. Re8+ Kf5 74. Rg8 g3 75. Kxa5 g2 76. Kb4 Rc1 77. Rf8+ Ke4 78. Rg8 g1Q 79. Rxg1 Rxg1 80. a4 Kd4 81. a5 Nd3+ 82. Kb5 Rg5+ 83. Kb6 Nc5 84. Bf7 Rf5 85. Be8 Rf6+ 86. Kb5 Na6 87. Bc6 Nb8 88. Bb7 Rf5+ 89. Kb6 Nd7+ 90. Kc7 Nc5 91. a6 Rf7+ 92. Kb6 Kc4 93. Kc6 Rf6+ 94. Kc7 Nxa6+ 95. Kd7 Nc5+ 96. Ke7 Rh6 97. Bf3 Kd4 98. Kf7 Ke5 99. Kg7 Rf6 100. Bd1 Ne6+ 101. Kh7 Kf5 102. Bc2+ Kg5 103. Bb1 Rf7+ 104. Kg8 Rb7 105. Be4 Kf6 106. Bxb7 1/2-1/2

[Event "Titled Tuesday intern op 06th Aug Early"]
[Site "Chess.com INT"]
[Date "2024.08.06"]
[Round "5"]
[White "Yeganegi, Barad"]
[Black "Rustamov, Rustam"]
[Result "0-1"]
[WhiteElo "2355"]
[BlackElo "2283"]
[PlyCount "78"]
[EventDate "2024.08.06"]
[EventType "swiss (blitz)"]
[EventRounds "11"]
[EventCountry "USA"]
[SourceTitle "EXT 2025"]
[Source "ChessBase"]
[SourceDate "2024.10.14"]
[SourceVersion "1"]
[SourceVersionDate "2024.10.14"]
[SourceQuality "1"]

1. c4 Nf6 2. d3 e5 3. e4 c5 4. Nc3 Nc6 5. g3 g6 6. Bg2 Bg7 7. Nge2 0-0 8. 0-0 d6 9. h3 Nd4 10. Be3 a6 11. f4 Rb8 12. a4 Bd7 13. fxe5 dxe5 14. Nd5 Nxd5 15. cxd5 f5 16. Nxd4 cxd4 17. Bd2 b5 18. Bb4 Re8 19. a5 Rc8 20. Rc1 Bh6 21. Rxc8 Qxc8 22. Kh2 Bf8 23. Bd2 Bd6 24. Qb3 fxe4 25. Rc1 Qd8 26. dxe4 Rf8 27. Rf1 Rxf1 28. Bxf1 Qf6 29. Kg1 Bc5 30. Qd3 b4 31. Qc4 Bb5 32. Qxc5 Qxf1+ 33. Kh2 Qe2+ 34. Kg1 Qd1+ 35. Kf2 Qxd2+ 36. Kg1 Qe1+ 37. Kg2 Bf1+ 38. Kg1 Bd3+ 39. Kh2 Qf2+ 0-1